ZNANI POLSCY KOMENTATORZY PIŁKI NOŻNEJ - Statystyki

Ogólne statystyki
  • Ten quiz został rozwiązany 83 razy
  • Średni wynik to 4 z 6
Statystyki odpowiedzi
Hint Odpowiedź % Poprawnych
2. SZPAKOWSKI
99%
4. BOREK
93%
3. LASKOWSKI
83%
1. SZARANOWICZ
56%
6. HAJTO
36%
5. BABIARZ
21%
Nie znaleziono quizów pasujących do podanych kryteriów
Rozkład punktacji
Procent ludzi z każdym wynikiem
Percentyl według liczby udzielonych odpowiedzi
Twoja historia wyników
Nie rozwiązałeś tego quizu